000 00458nam a2200181Ia 4500
001 17456
003 IN-NITTTR
005 20251114233205.0
008 251113s9999||||xx |||||||||||||| ||eng||
040 _beng
040 _cIN-NITTTR
041 _aeng
082 _a658.4038 B62P
100 _aBlokdijk, Andre
245 0 _aPlanning and design of information systems. /
_cBlokdijk, Andre, Blokdijk, Paul
700 _a Blokdijk, Paul
942 _2ddc
_cBK
999 _c20090
_d20090